| 000 | 00647cam a22002411 4500 | ||
|---|---|---|---|
| 001 | sa 66006770 | ||
| 003 | DLC | ||
| 005 | 20260227112259.0 | ||
| 008 | 941012s1963 ii b 000 0 orio | ||
| 010 | _asa 66006770 | ||
| 025 | _aPL480:I-O-611 | ||
| 035 | _a(OCoLC)31273877 | ||
| 040 |
_aDLC _cCU _dCU _dDLC |
||
| 042 | _apremarc | ||
| 050 | 0 | 0 |
_aPK2571 _b.P8 |
| 100 | 1 |
_aPujari, Umacharana, _d1938- |
|
| 245 | 1 | 0 | _aOdiyā samālocanā sāhityara kramabikāśa. |
| 260 | _c[1963] | ||
| 300 |
_a2, 2, 2, 186 p. _c19 cm. |
||
| 500 | _aIn Oriya. | ||
| 504 | _aBibliography: p. 185-186. | ||
| 650 | 0 |
_aOriya literature _xHistory and criticism. |
|
| 999 |
_c70722 _d70722 |
||